Efektívny projektový manažér
Úlohou projektového manažéra je zabezpečenie všetkých prvkov projektu, aby dosiahol výsledný cieľ. Zahrňuje činnosti: plánovanie, organizovanie, vedenie a riadenie, kontrolu. Zručnosti projektového manažéra: koncepčná zručnosť, zručnosť osobnosti (schopnosť pracovať s ľuďmi a pomocou ľudí), zručnosť...
Salvato in:
| Autore principale: | |
|---|---|
| Natura: | Capitolo di libro |
| Lingua: | slovacco |
| Soggetti: | |
| Tags: |
Nessun Tag, puoi essere il primo ad aggiungerne!!
|
MARC
| LEADER | 00000naa a2200000 4500 | ||
|---|---|---|---|
| 001 | r020209 | ||
| 005 | 20221129133856.1 | ||
| 041 | 0 | |a slo | |
| 044 | |a CZ | ||
| 245 | 1 | 0 | |a Efektívny projektový manažér |c E. Slamková |
| 520 | |a Úlohou projektového manažéra je zabezpečenie všetkých prvkov projektu, aby dosiahol výsledný cieľ. Zahrňuje činnosti: plánovanie, organizovanie, vedenie a riadenie, kontrolu. Zručnosti projektového manažéra: koncepčná zručnosť, zručnosť osobnosti (schopnosť pracovať s ľuďmi a pomocou ľudí), zručnosť vo vyjednávaní, technická zručnosť. | ||
| 610 | 2 | 0 | |a riadenie projektové |
| 610 | 2 | 0 | |a manažéri |
| 610 | 2 | 0 | |a projekty |
| 100 | 1 | |a Slamková, E. | |